000 00516nam a2200181Ia 4500
005 20250508155059.0
008 008 250505s9999 xx 000 0 eng d
037 _aTextual
040 _aFEDL
_beng
_cFEDL
041 _aeng
_2eng
084 _a370.196, IND
_qFEDL
245 0 _aReport of the national seminar on international understanding
245 0 _cIndian National Commission for Unesco
260 _c1965
300 _a207p.
942 _cTEXL
_h370.196, IND
999 _c1354003
_d1354003